[Event "XXVII RUS-chT Premier 2020"]
[Site "Sochi"]
[Date "2020.11.27"]
[Round "8.27"]
[White "Usmanov, Vasily"]
[Black "Rublevsky, Sergei"]
[Result "0-1"]
[WhiteElo "2442"]
[BlackElo "2653"]
[Annotator "TA"]
[PlyCount "77"]
[EventDate "2020.11.19"]
[EventType "team-tourn"]
[EventCountry "RUS"]
[SourceTitle "playchess.com"]
[Source "ChessBase"]
[SourceQuality "1"]

{[%evp 9,77,10,20,16,20,6,10,8,12,15,14,12,8,16,16,19,29,17,22,13,16,19,26,0,0,8,20,0,0,0,0,0,0,0,0,-20,-25,-23,-17,-143,-145,-150,-142,-333,-318,-315,-337,-341,-312,-404,-397,-371,-282,-449,-445,-575,-528,-629,-680,-647,-567,-29981,-29982,-29982,-29983,-29981,-541,-516,-512,-422]} 1. Nf3 d5 2. e3 Nf6 3. c4 dxc4 4. Na3 g6 5. Nxc4 Bg7 6. b3 {A06: Réti Opening: 1 Nf3 d5.} O-O 7. Bb2 c5 8. Be2 {The position is equal.} Nc6 9. O-O b6 10. d4 cxd4 11. Nxd4 Nxd4 12. Bxd4 Bb7 {[#]} 13. Qc1 $146 ({Predecessor:} 13. Bf3 Bxf3 14. Qxf3 Qd5 15. Qe2 Qe6 16. Qb2 Rfc8 17. Rac1 Rc6 18. Ne5 Rxc1 19. Rxc1 Rc8 20. Nd3 Rxc1+ 21. Nxc1 Qc6 22. Ne2 Ne8 23. Bxg7 Nxg7 {½-½ (23) Froehlich,P (2375)-Hjelm,N (2347) Budapest 2000}) 13... Qd7 14. Ne5 Qe6 15. Qb2 Rfd8 16. Rac1 Rac8 17. Rxc8 Rxc8 18. Rd1 Qf5 $40 {[%mdl 128] And now ...Rc2 would win. Black attacks.} 19. Bc4 (19. Nd3 {feels hotter.} h5 20. f3 Qg5 21. Nf4 Rd8 22. Qa3) 19... Bd5 20. f3 Bxc4 21. Nxc4 b5 22. e4 Qg5 23. Ne5 Nh5 {Strongly threatening ...Nf4.} 24. Kf1 (24. Ng4 $11) 24... Nf4 $17 25. Ng4 Rd8 $1 {...e5! is the strong threat.} 26. Qa1 $2 {White does not recover from this.} (26. Rd2 $17 Rxd4 27. Rxd4) 26... Rxd4 $1 $19 27. Rxd4 {Intending Rd8+ and mate.} Ne6 {[%mdl 64] Pin} 28. e5 {[#]} h5 $1 ({Weaker is} 28... Nxd4 29. Qxd4 h5 30. Nf2 $17) 29. Re4 hxg4 30. Rxg4 Qh5 31. Re4 (31. Qe1 {might work better.}) 31... Qxh2 {Threatens to win with ...Qh1+.} 32. Qc3 Bh6 33. Qb4 {intending Rh4.} Nf4 34. Rxf4 Qxf4 35. Qxe7 Qc1+ 36. Kf2 Qd2+ 37. Kg3 Qg5+ (37... Bg5 $142 38. Qc5 Qe1+ 39. Qf2 {[#]} Bf4+ $1 {[%mdl 576] Deflection} 40. Kxf4 Qxf2 41. a3 Qxg2 42. b4 Qa2 43. Kg5 Qh2 44. Kg4 Kg7 45. a4 f5+ 46. exf6+ Kxf6 47. a5 g5 48. f4 Qg2+ 49. Kh5 Qh3#) 38. Qxg5 Bxg5 39. f4 {Weighted Error Value: White=0.54/Black=0.22} 0-1

[Event "XXVII RUS-chT Premier 2020"]
[Site "Sochi"]
[Date "2020.11.27"]
[Round "8.28"]
[White "Zvjaginsev, Vadim"]
[Black "Pershin, Denis"]
[Result "1-0"]
[WhiteElo "2602"]
[BlackElo "2387"]
[Annotator "TA"]
[PlyCount "83"]
[EventDate "2020.11.19"]
[EventType "team-tourn"]
[EventCountry "RUS"]
[SourceTitle "playchess.com"]
[Source "ChessBase"]
[SourceQuality "1"]

{[%evp 16,83,25,25,29,20,26,-7,24,20,20,0,60,22,26,0,8,-4,33,6,21,12,10,11,15,20,23,15,26,29,66,68,51,48,75,70,97,97,87,72,262,190,185,129,124,94,193,211,598,594,766,775,769,790,795,772,725,642,750,730,655,651,1057,1049,1947,1939,1918,1875,29983,1506]} 1. Nf3 d5 2. g3 Nf6 3. Bg2 g6 4. c4 c6 5. b3 Bg7 6. Bb2 O-O 7. O-O Bg4 {7...a5 is a critical line.} 8. d3 Bxf3 9. Bxf3 Re8 {A11: English Opening: 1...c6.} 10. Bg2 $5 {[%mdl 4] Exploring less charted territory.} e5 {[#]} 11. Qc2 $146 ({Predecessor:} 11. cxd5 cxd5 12. Nc3 Nc6 13. a3 e4 14. b4 e3 15. f4 Nd4 16. Na4 Nf5 17. Bh3 {½-½ (81) Mogranzini,R (2514)-Ortega,L (2473) Rome 2016}) 11... Qd6 {The position is equal.} 12. Nd2 Nbd7 13. Rac1 Bf8 (13... d4 $11) 14. Bh3 a5 15. a3 d4 16. Rb1 Qc7 17. Nf3 c5 18. Bc1 Nb8 19. Bg5 Nfd7 20. Bd2 Nc6 21. e4 Bd6 22. Nh4 f6 23. f4 exf4 24. gxf4 Nf8 25. Qd1 Rab8 26. Qg4 Qg7 27. Rbe1 b5 $2 (27... Kh8 $16) 28. Bg2 Ne7 29. Bxa5 ({White should try} 29. cxb5 $18 Rxb5 30. e5 $1 {[%mdl 512]}) 29... bxc4 $16 30. bxc4 Rb3 (30... Rb2 $16) 31. e5 $1 $18 {[%cal Re5d6]} Bb8 $2 (31... fxe5 {is more resistant.} 32. fxe5 Bb8) 32. f5 {Black must now prevent exf6.} ({Not} 32. exf6 Qxf6 33. Qg5 Kg7 $16) 32... g5 33. exf6 Qxf6 34. Bd2 h6 35. Nf3 Nh7 36. h4 Qg7 {[#] Strongly threatening ...Nf6.} 37. f6 $1 {[%mdl 512]} Nxf6 (37... Qxf6 38. Nxg5) 38. Qe6+ Kh8 39. hxg5 Nfg8 40. gxh6 Qg3 {[#]} 41. h7 $1 Kxh7 42. Re4 {Weighted Error Value: White=0.15/Black=0.66} (42. Qf7+ $142 Kh8 43. Qh5+ Nh6 44. Qxh6+ Kg8 {[#]} 45. Qh5 $1 {[%mdl 576] Double Attack} Qg6 46. Qxg6+ Nxg6 47. Rxe8+ Kf7 48. Rc8) 1-0

[Event "XXVII RUS-chT Premier 2020"]
[Site "Sochi"]
[Date "2020.11.27"]
[Round "8.29"]
[White "Timerkhanov, Alexander"]
[Black "Kornev, Alexei"]
[Result "1/2-1/2"]
[WhiteElo "2379"]
[BlackElo "2515"]
[Annotator "TA"]
[PlyCount "158"]
[EventDate "2020.11.19"]
[EventType "team-tourn"]
[EventCountry "RUS"]
[SourceTitle "playchess.com"]
[Source "ChessBase"]
[SourceQuality "1"]

{[%evp 9,158,14,16,0,0,0,0,0,0,0,0,0,0,0,0,-17,-16,-18,-18,-24,-7,-79,-56,-69,-67,-85,-52,-70,-70,-66,-66,-69,-57,-74,-46,-46,-43,-106,-76,-133,-39,-49,-51,-137,-59,-199,-155,-156,0,0,0,0,69,0,16,0,20,10,45,23,64,65,108,119,374,103,106,99,349,275,253,83,191,0,0,0,0,0,8,8,8,8,8,8,8,8,8,8,8,8,8,8,8,8,8,8,8,8,8,8,8,8,8,8,8,8,8,8,8,8,8,8,8,8,8,8,8,8,8,8,8,8,8,8,8,8,8,8,8,8,8,8,8,8,8,8,8,8,8,0,8,0,8,0,8,8,8,0,8,0,8]} 1. d4 Nf6 2. Bg5 c6 3. Nd2 d5 4. e3 Bf5 5. Ngf3 Nbd7 6. h3 {D03: 1 d4 d5 2 Nf3 Nf6 3 Bg5, including Torre Attack with early ...d5.} h6 7. Bf4 {[#]} Qb6 $146 ({Predecessor:} 7... e6 8. Be2 Be7 9. O-O O-O 10. c4 Ne4 11. Nxe4 Bxe4 12. Ne5 Nxe5 13. Bxe5 {½-½ (13) Rombaldoni,A (2528)-Hernandez Carmenates,H (2524) Las Vegas 2015}) 8. Bd3 Bxd3 9. cxd3 e6 10. O-O Be7 11. Rb1 a5 12. e4 O-O 13. Qe2 Rfc8 14. e5 Ne8 15. g4 (15. Be3 $11 {keeps the balance.}) 15... Nc7 $17 16. a4 Na6 17. Kh1 Nf8 18. Be3 Nb4 19. Ne1 c5 20. f4 cxd4 21. Bf2 Nc2 {And now ...Ne3 would win.} 22. Ndf3 $1 Ne3 $36 {[%mdl 2048] Black is more active.} 23. Rg1 (23. Bxe3 $15 dxe3 24. d4) 23... Bc5 24. Ng2 (24. Nc2 $142) 24... Qb4 ({Better is} 24... Rc6 $17 25. g5 hxg5 26. Nxg5 Rac8) 25. f5 $15 Qxa4 26. b3 (26. Nxe3 $15 dxe3 27. Bxe3) 26... Qb4 (26... Qb5 $17 27. Nxe3 dxe3 28. Bxe3 Bxe3 29. Qxe3 Rc3 {[%mdl 64] Double Attack}) 27. Ngh4 (27. Nxe3 $15 dxe3 28. Bxe3) 27... g6 28. Ng2 {[%cal Rg2e3]} exf5 $2 (28... Qb6 $17 29. Qb2 Qb4) 29. Bxe3 $11 dxe3 30. gxf5 $1 Ra6 ({Black should play} 30... Rc6 $11) 31. Ngh4 (31. Nxe3 $14 Qb6 32. Nxd5) 31... Be7 32. Rg4 Qc5 33. Rbg1 Bxh4 34. Rxh4 d4 35. Rxd4 b5 36. Qxe3 Rd8 $2 {[%mdl 8192]} (36... Kh7 $16) 37. e6 $2 (37. Rc1 $18 {and the rest is easy.} Qa7 38. Qxh6) 37... Rxd4 38. e7 (38. Nxd4 $6 fxe6 39. fxg6 e5 $11) 38... Ra8 $2 (38... Qxf5 $16 {was necessary.} 39. Nxd4 (39. exf8=Q+ Kxf8 40. Nxd4 Qd5+ 41. Kh2 Kg7 $14) 39... Qd5+ 40. Qe4 Qd7 41. exf8=Q+ Kxf8) 39. exf8=Q+ (39. Qxd4 Qxf5 40. Nh2 (40. exf8=R+ Rxf8 41. Kg2 Qe6 $16) 40... Nd7 $18) (39. exf8=R+ Rxf8 40. Nxd4 Rd8) 39... Rxf8 40. fxg6 $2 (40. Qxd4 Qxf5 41. Kg2 Qe6 $14) (40. Nxd4 $18 {is the precise move to win.} Qd5+ 41. Kh2) 40... Qd5 {[#]} (40... Qc6 $16 41. gxf7+ (41. Qxd4 fxg6 42. Qg4 Qxf3+ 43. Qxf3 Rxf3 $17) 41... Kxf7) 41. Rg2 $2 (41. Qxd4 $6 Qxf3+ 42. Kh2 Qe2+ 43. Rg2 Qe6 $16) ({White has to play} 41. Rg3 $1 $18 fxg6 42. Qxd4) 41... Rxd3 {The position is equal.} 42. Qxh6 {[%csl Gg6][%cal Rh6h7]} Rd1+ 43. Ng1 $1 {[%csl Gg6][%cal Rh6h7]} Rd8 {...fxg6 is the strong threat.} ({Weaker is} 43... fxg6 44. Qxg6+ Kh8 45. Qh6#) 44. Qh7+ ({But not} 44. g7 {[#]} Rxg1+ $1 {[%mdl 512]} 45. Kxg1 Qd1+ 46. Kh2 Qd6+ 47. Qxd6 Rxd6 $17) 44... Kf8 {( -> ...Rxg1+!)} 45. g7+ Ke7 {Threatens to win with ...Rxg1+!} 46. g8=Q Rxg8 47. Qxg8 Rd3 $1 48. b4 axb4 49. Qg5+ Kd6 ({Don't play} 49... Qxg5 $6 50. Rxg5 Kd6 51. Rxb5 $16) 50. Qf4+ Kc6 $1 51. Qxb4 {With the idea Qf4.} Rg3 $1 {[%csl Gg3][%cal Rd5g2]} 52. Qd2 Rxg2 53. Qxg2 Qxg2+ 54. Kxg2 {[%mdl 4096] Endgame KN-KPP} b4 55. Nf3 {Hoping for Nd2.} Kd5 56. Nd2 Ke5 57. Kf3 {aiming for Kg4.} Kf5 58. Ke3 Ke5 59. Nf3+ Kf5 60. Nd4+ Kg5 61. Kf3 {Cut Off at move 61} f5 62. Kg3 f4+ 63. Kg2 Kh4 64. Kh2 $1 Kg5 65. Kg1 Kh4 66. Kg2 Kg5 67. Ne6+ Kf5 68. Nc5 Kg5 69. Kh2 Kh4 70. Nb3 Kg5 71. Kg2 Kh4 72. Nd2 Kg5 73. Nf3+ Kh5 74. Nd4 Kg5 75. Kh1 Kh5 76. Kg1 Kg5 77. Kf1 Kh4 78. Kg2 Kg5 79. Nf3+ Kh5 {Quite a comeback for White.  Weighted Error Value: White=0.30/Black=0.32} 1/2-1/2

[Event "XXVII RUS-chT Premier 2020"]
[Site "Sochi"]
[Date "2020.11.27"]
[Round "8.30"]
[White "Yagupov, Igor"]
[Black "Askerov, Marat"]
[Result "1/2-1/2"]
[WhiteElo "2357"]
[BlackElo "2338"]
[Annotator "TA"]
[PlyCount "94"]
[EventDate "2020.11.19"]
[EventType "team-tourn"]
[EventCountry "RUS"]
[SourceTitle "playchess.com"]
[Source "ChessBase"]
[SourceQuality "1"]

{[%evp 13,94,18,28,13,74,46,155,142,151,155,152,156,173,144,137,92,105,71,93,62,71,73,66,66,81,41,50,16,58,0,0,0,0,0,2,2,0,0,12,-29,28,0,91,95,97,84,95,85,79,82,84,91,137,102,135,87,89,97,95,51,137,145,165,0,0,0,0,0,0,0,0,0,0,0,0,0,0,0,0,0,0,0,0]} 1. d4 Nf6 2. c4 e6 3. Nf3 b6 4. a3 Bb7 5. Nc3 d5 6. cxd5 exd5 7. Bf4 Be7 8. Rc1 {[#] next Nb5 is good for White. E12: Queen's Indian: Unusual White 4th moves, 4 a3, 4 Nc3 Bb7 5 a3 and 4 Nc3 Bb7 .} Nh5 $146 (8... c5 $11) ({Predecessor:} 8... c6 9. e3 Nbd7 10. Bd3 Nf8 11. O-O Ne6 12. Bg3 O-O 13. Bb1 c5 14. dxc5 bxc5 15. Ba2 Qb6 {½-½ (49) Recuero Guerra,J (2243)-Arribas Lopez,A (2463) Sanxenxo 2012}) 9. Be5 {Hoping for Nb5.} (9. Bxc7 $5 Qxc7 10. Nxd5 $1 $16 {[%mdl 576] Discovered Attack}) 9... f6 {[#]} ({Better is} 9... O-O $14) 10. Bxc7 $1 $16 {[%mdl 512] White is clearly better.} Qxc7 {[#]} 11. Nxd5 $1 {[%mdl 576] Discovered Attack} Qd7 (11... Bxd5 12. Rxc7) 12. Nc7+ {[%mdl 1088] Double Attack. White has strong compensation.} Kf8 13. e3 {And now Bb5 would win.} ({Much less strong is} 13. Nxa8 $6 Bxa8 14. e3 g6 $16) 13... g6 14. Be2 Ng7 15. O-O Ne6 16. Nxa8 Bxa8 17. Rc3 Kg7 18. Qc2 Re8 19. Rc1 Bd6 20. Qd1 Qb7 21. Qf1 (21. d5 $14 Nc5 22. Bb5) 21... Qe7 $11 22. Bb5 Rd8 23. Nd2 Bb7 24. Be2 f5 25. Bf3 Ba6 26. Nc4 Bc7 (26... f4 $142) 27. Be2 Nd7 {[#]} (27... Bb7 $11 {remains equal.}) 28. d5 $1 $16 {[%cal Rd5e6]} Nec5 {[#]} 29. d6 $1 {[%cal Rd6e7][%mdl 512]} Bxd6 30. Nxd6 Bxe2 31. Nxf5+ $1 gxf5 32. Qxe2 Ne5 33. Rd1 Rg8 34. Qh5 Qf7 35. Qxf7+ Kxf7 36. b4 Nf3+ ({Black should try} 36... Ne4 $1 $14 37. Rc7+ Ke6) 37. Kf1 Nxh2+ {[#]} 38. Ke2 $2 (38. Ke1 $1 $18 Na4 39. Rd7+ Ke6 40. Rcd3) 38... Ne4 $11 {The position is equal.} 39. Rc7+ Ke6 40. Rc6+ Ke7 41. Rc7+ Ke6 42. Rc6+ Ke7 43. g3 {aiming for Rh1.} Ng4 44. Rc7+ Ke6 45. Rc6+ Ke7 46. Rc7+ Ke6 47. Rc6+ Ke7 {Weighted Error Value: White=0.17/Black=0.22} 1/2-1/2

[Event "XXVII RUS-chT Premier 2020"]
[Site "Sochi"]
[Date "2020.11.28"]
[Round "9.1"]
[White "Andreikin, Dmitry"]
[Black "Vitiugov, Nikita"]
[Result "1/2-1/2"]
[WhiteElo "2726"]
[BlackElo "2722"]
[Annotator "TA"]
[PlyCount "70"]
[EventDate "2020.11.19"]
[EventType "team-tourn"]
[EventCountry "RUS"]
[SourceTitle "playchess.com"]
[Source "ChessBase"]
[SourceQuality "1"]

{[%evp 15,70,1,0,-31,-8,-11,0,0,0,0,0,0,0,0,0,0,0,0,0,0,0,0,0,0,0,0,0,0,0,0,0,0,0,0,0,0,0,0,0,0,0,0,0,0,0,0,0,0,0,0,0,0,0,0,0,0,0]} 1. d4 Nf6 2. c4 g6 3. Nc3 d5 4. cxd5 Nxd5 5. e4 Nxc3 6. bxc3 Bg7 7. Nf3 c5 8. Bb5+ Nc6 9. d5 {[%mdl 64] [#] Pin. D85: Exchange Grünfeld: Unusual White 7th moves and lines with 7 Nf3.} Qa5 {9...Qa5 scores better than 9...a6.} 10. Rb1 {The position is equal.} Bxc3+ 11. Bd2 $1 a6 12. Bxc6+ bxc6 13. dxc6 Be6 14. Rc1 Bb4 15. O-O Bxd2 16. Qxd2 Qxd2 17. Nxd2 O-O-O 18. Nb3 $1 Bxb3 19. axb3 $11 {[%mdl 4096] [#] Endgame KRR-KRR} Rd6 $146 ({Predecessor:} 19... Rd3 20. Rxc5 Rxb3 21. Ra5 Rb6 22. Rfa1 Rd8 23. h3 Rxc6 24. Rxa6 Rxa6 25. Rxa6 Kd7 {½-½ (33) Sasikiran,K (2680)-Grischuk,A (2752) Eilat 2012}) 20. Rxc5 Kc7 21. Ra1 Rb8 22. e5 Rxc6 23. Rxc6+ Kxc6 24. Rxa6+ {KR-KR} Kd5 25. Ra7 Rxb3 {[%cal Rb3b1] [#]} 26. f4 Ke6 27. Ra6+ Kf5 28. Ra7 Kxf4 29. Rxe7 Rb1+ 30. Kf2 Rb2+ 31. Kg1 Rb1+ 32. Kf2 Rb2+ 33. Kg1 Rb1+ 34. Kf2 Rb2+ 35. Kg1 Rb1+ {A rather calm draw.  Weighted Error Value: White=0.01/Black=0.01} 1/2-1/2

[Event "XXVII RUS-chT Premier 2020"]
[Site "Sochi"]
[Date "2020.11.28"]
[Round "9.2"]
[White "Matlakov, Maxim"]
[Black "Dreev, Aleksey"]
[Result "1/2-1/2"]
[WhiteElo "2685"]
[BlackElo "2655"]
[Annotator "TA"]
[PlyCount "104"]
[EventDate "2020.11.19"]
[EventType "team-tourn"]
[EventCountry "RUS"]
[SourceTitle "playchess.com"]
[Source "ChessBase"]
[SourceQuality "1"]

{[%evp 10,104,25,26,24,20,41,41,33,38,48,31,31,27,25,28,31,32,29,25,33,31,36,41,57,45,66,60,60,63,52,40,72,60,78,58,42,45,49,42,66,38,31,32,54,58,79,71,89,98,141,40,45,33,31,10,35,9,8,10,52,26,64,69,72,77,101,2,2,2,2,-7,-6,-31,-31,-31,-31,-31,-31,-31,-31,-31,-31,-31,-31,-31,-31,-31,-31,-31,-31,-31,-27,-27,-27,-27,0]} 1. d4 Nf6 2. c4 e6 3. Nf3 Bb4+ 4. Nbd2 b6 5. a3 Bxd2+ 6. Nxd2 Bb7 {[#] E11: Bogo-Indian.} 7. b3 $146 ({Predecessor:} 7. b4 O-O 8. Bb2 d6 9. e3 Nbd7 10. f3 e5 11. dxe5 Nxe5 12. Be2 Nfg4 13. fxg4 Bxg2 14. Kf2 Bxh1 15. Qxh1 {1-0 (77) Gareyev,T (2592)-Megaranto,S (2528) Surakarta 2018}) 7... c5 8. dxc5 bxc5 {White is slightly better.} 9. Bb2 d5 10. cxd5 exd5 11. e3 O-O 12. Be2 a5 13. O-O Nbd7 14. Qc2 Qe7 15. Rfd1 Rfc8 16. a4 Nf8 17. Nf1 Ne4 18. Ng3 Nxg3 19. hxg3 Ne6 20. Rac1 Rd8 21. Qf5 d4 22. exd4 Nxd4 23. Bxd4 cxd4 24. Bc4 Rd7 25. Re1 Qd6 26. Qe5 Qxe5 27. Rxe5 Kf8 28. f3 Rd6 29. Kf2 Bc8 30. Bd5 (30. g4 $16) 30... Rb8 $14 31. Rc7 Be6 32. Bxe6 {[%mdl 64] [#] Discovered Attack} Rxe6 33. Rxa5 {[%mdl 4096] Endgame KRR-KRR} d3 $1 {Threatens to win with ...Rd8.} 34. Rd5 Re2+ (34... Rxb3 $5 {[%cal Rb3b2]} 35. Rd8+ Re8 36. Rxe8+ Kxe8 $14) 35. Kg1 d2 {[#] White must now prevent ...Re1+.} 36. Kh2 g6 37. Rc3 Rf2 38. Rcd3 ({Better is} 38. a5 $16) 38... d1=Q 39. Rxd1 {Hoping for Rd8+.} Rxb3 40. Rb5 Rbxf3 41. Rd4 Ra3 42. Rf4 Rxf4 43. gxf4 Rxa4 $15 {KR-KR} 44. f5 Kg7 {...g5 is the strong threat.} 45. fxg6 $1 hxg6 46. Rb7 g5 47. Kh3 Rh4+ 48. Kg3 Kg6 49. Rb6+ f6 50. Ra6 Rc4 51. Kh3 Rc3+ 52. Kg4 Rc4+ {Weighted Error Value: White=0.13/Black=0.08} 1/2-1/2

[Event "XXVII RUS-chT Premier 2020"]
[Site "Sochi"]
[Date "2020.11.28"]
[Round "9.3"]
[White "Rublevsky, Sergei"]
[Black "Fedoseev, Vladimir"]
[Result "1-0"]
[WhiteElo "2653"]
[BlackElo "2676"]
[Annotator "TA"]
[PlyCount "119"]
[EventDate "2020.11.19"]
[EventType "team-tourn"]
[EventCountry "RUS"]
[SourceTitle "playchess.com"]
[Source "ChessBase"]
[SourceQuality "1"]

{[%evp 14,119,9,1,32,35,51,42,48,45,60,47,81,85,70,53,87,91,95,79,71,73,77,73,66,64,71,67,94,72,115,81,99,111,153,123,116,152,142,144,149,113,117,129,135,121,309,311,450,435,449,449,449,456,456,456,443,440,370,0,372,361,319,370,953,942,1056,853,749,819,652,722,708,638,517,439,802,758,1175,1168,984,1143,1095,1092,1046,1009,878,836,1223,1081,6120,6128,5406,3498,29963,29964,29964,29965,29958,29963,29958,29964,29952,29944,29962,29965,7018,7010]} 1. e4 c5 2. Nc3 d6 3. Nge2 Nf6 4. g3 g6 5. Bg2 Bg7 6. O-O O-O 7. d3 Nc6 8. Bg5 Bg4 {[#] B25: Closed Sicilian: 3 g3, lines without early Be3.} 9. h3 $146 ({Predecessor:} 9. Qd2 Re8 10. Bh6 Bh8 11. f3 Bd7 12. Kh1 Qa5 13. Nf4 b5 14. a3 Nd4 15. g4 Bc6 16. h4 {0-1 (43) Minarik,J (1475)-Rozsas,D (1745) Slovakia 2019}) 9... Bxe2 10. Nxe2 Rc8 {White is slightly better.} 11. c3 b5 12. d4 b4 13. cxb4 cxb4 14. Qd2 a5 15. Rac1 {aiming for e5.} e5 16. Rfd1 {And now Rxc6! would win.} Qb6 17. d5 Nb8 18. Rxc8 Rxc8 19. Rc1 Rxc1+ 20. Qxc1 Qb7 21. Qc4 Nbd7 22. Qc6 Qb8 23. Be3 Bf8 {[#]} 24. Nc1 $1 Be7 25. Nb3 Bd8 {[#]} 26. g4 $1 {[%cal Rg4g5] g5 is the strong threat.} Qc7 27. g5 Nh5 {[#]} 28. Nxa5 $1 {[%mdl 576] Deflection} Qxa5 29. Qxd7 Bc7 $2 (29... b3 $16 {keeps fighting.} 30. a4 (30. axb3 Bb6 $18) 30... Bb6) 30. Bf3 $18 b3 (30... Nf4 {was necessary.} 31. Bg4 Bd8 32. Qxd6 Qc7) 31. axb3 Bb6 32. Bxb6 Qxb6 33. Bxh5 gxh5 {[%mdl 4096] Endgame KQ-KQ} 34. Qc8+ Kg7 35. Qf5 Kg8 36. Qc8+ Kg7 37. Qc3 Qb5 38. Kg2 Qe2 $2 (38... h4 39. b4 Qa6) 39. Qf3 Qc2 40. b4 h4 41. b5 {Threatens to win with b6.} Kg8 42. b3 Qc5 43. Qd3 Kg7 44. Qc4 {Qxc5 would kill now.} Qb6 (44... Qa7 $142 45. Qc3 Qb6) 45. Qe2 Qc5 46. Qh5 Kg8 47. Qxh4 Qb4 48. b6 Qxb6 49. Qg3 Qd4 50. Qf3 Qd2 51. h4 Qc1 52. h5 Kf8 53. Qf6 Ke8 {[#]} 54. g6 $1 hxg6 55. hxg6 fxg6 56. Qxg6+ Kd7 57. Qe6+ Kc7 58. Qe7+ Kc8 59. Qe8+ Kc7 {[#]} 60. Qc6+ $1 {Weighted Error Value: White=0.17/Black=0.22} 1-0

[Event "XXVII RUS-chT Premier 2020"]
[Site "Sochi"]
[Date "2020.11.28"]
[Round "9.4"]
[White "Sakaev, Konstantin"]
[Black "Zvjaginsev, Vadim"]
[Result "1/2-1/2"]
[WhiteElo "2612"]
[BlackElo "2602"]
[Annotator "TA"]
[PlyCount "41"]
[EventDate "2020.11.19"]
[EventType "team-tourn"]
[EventCountry "RUS"]
[SourceTitle "playchess.com"]
[Source "ChessBase"]
[SourceQuality "1"]

{[%evp 9,41,18,22,32,29,14,18,5,32,41,35,34,35,34,34,31,21,15,32,2,40,33,39,15,20,0,41,0,14,0,45,0,8,0]} 1. d4 d5 2. c4 e6 3. Nf3 a6 4. Bg5 Nf6 5. Nbd2 {[#]} c5 $146 ({Predecessor:} 5... Be7 6. g3 h6 7. Bxf6 Bxf6 8. Bg2 c5 9. dxc5 Bxb2 10. Rb1 Bf6 11. O-O O-O 12. cxd5 exd5 {0-1 (85) Nesterov,A (2517)-Lugovskoy,M (2420) chess.com INT 2020}) 6. cxd5 {D30: Queen's Gambit Declined: Systems without Nc3.} exd5 7. g3 cxd4 8. Bg2 h6 9. Bxf6 Qxf6 10. O-O Be7 11. Nb3 O-O 12. Nfxd4 Rd8 13. e3 Nc6 14. Rc1 Ne5 15. h3 g6 16. Nc5 Nc6 17. Ncb3 Ne5 18. Nc5 Nc6 19. Ncb3 Ne5 20. Nc5 Nc6 21. Ncb3 {Weighted Error Value: White=0.13/Black=0.05} 1/2-1/2

[Event "XXVII RUS-chT Premier 2020"]
[Site "Sochi"]
[Date "2020.11.28"]
[Round "9.5"]
[White "Potkin, Vladimir"]
[Black "Khairullin, Ildar"]
[Result "1/2-1/2"]
[WhiteElo "2583"]
[BlackElo "2618"]
[Annotator "TA"]
[PlyCount "74"]
[EventDate "2020.11.19"]
[EventType "team-tourn"]
[EventCountry "RUS"]
[SourceTitle "playchess.com"]
[Source "ChessBase"]
[SourceQuality "1"]

{[%evp 9,74,3,8,-12,16,14,4,12,39,17,14,19,20,22,12,20,25,25,23,18,32,30,27,31,31,34,35,14,62,31,29,17,31,27,25,21,27,25,32,31,39,40,46,34,41,8,19,18,89,89,91,19,19,20,58,58,47,0,53,7,7,0,56,0,0,0,52]} 1. d4 Nf6 2. Nc3 d5 3. Bf4 Bf5 4. e3 e6 5. Bd3 Bg6 6. h4 {D00: 1 d4 d5: Unusual lines.} Bd6 7. h5 Bxd3 8. Qxd3 {[#]} Nbd7 $146 ({Predecessor:} 8... Nc6 9. Nf3 h6 10. O-O-O Qe7 11. Kb1 O-O-O 12. Bxd6 Qxd6 13. a3 Kb8 14. e4 dxe4 15. Nxe4 {0-1 (42) Fries Nielsen,J (2416)-Cuenca Jimenez,J (2481) Aarhus 2014}) 9. Nf3 h6 10. O-O-O Qe7 11. Kb1 O-O-O 12. Bxd6 Qxd6 13. e4 dxe4 14. Nxe4 Qd5 15. Nxf6 Nxf6 16. Ne5 Rhf8 17. Qg3 Ne4 18. Qf4 {[#] Threatens to win with c4.} Nd6 19. f3 Nc4 20. Rhe1 Nxe5 21. Rxe5 Qd6 22. Qe3 Rd7 23. c3 Rfd8 24. Re1 Qf8 25. f4 Rd5 26. a3 b6 27. f5 Rxe5 28. Qxe5 $11 {[%mdl 4096] Endgame KQR-KQR} Rd5 (28... exf5 $11 {keeps the balance.} 29. Qxf5+ Kb8) 29. Qe4 $16 Qd6 30. g4 ({White should play} 30. fxe6 $16 Qxe6 31. Qxe6+ fxe6 32. Rxe6) 30... exf5 $11 31. gxf5 Qd8 32. Rf1 c6 33. Re1 Qf6 (33... Qd7 $11) 34. Qe8+ Rd8 35. Qe4 Rd5 36. Qe8+ (36. Ka2 $14) 36... Rd8 37. Qe4 (37. Qe5 $11) 37... Rd5 {Weighted Error Value: White=0.14/Black=0.14} 1/2-1/2